[Event "Rapid 2018"]
[Site "Saint-Petersburg"]
[Date "2018.12.28"]
[Round "12"]
[Board "13"]
[White "Ponkratov Pavel (RUS)"]
[Black "Guseinov Gadir (AZE)"]
[Result "1-0"]
[LiveChessVersion "1.4.8"]
[BlackElo "2732"]
[WhiteElo "2650"]

1. e4 {[%clk 0:15:18]} c5 {[%clk 0:15:18]} 2. Nf3 {[%clk 0:15:22]} g6
{[%clk 0:15:27]} 3. c3 {[%clk 0:15:31]} d5 {[%clk 0:15:29]} 4. e5
{[%clk 0:15:39]} Nc6 {[%clk 0:15:32]} 5. Bb5 {[%clk 0:15:24]} Bd7
{[%clk 0:15:25]} 6. Bxc6 {[%clk 0:15:25]} Bxc6 {[%clk 0:15:29]} 7. d4
{[%clk 0:15:34]} cxd4 {[%clk 0:15:29]} 8. Nxd4 {[%clk 0:15:24]} e6
{[%clk 0:15:24]} 9. O-O {[%clk 0:15:30]} h5 {[%clk 0:15:02]} 10. Nd2
{[%clk 0:15:38]} Nh6 {[%clk 0:15:05]} 11. N2f3 {[%clk 0:15:46]} Nf5
{[%clk 0:15:07]} 12. Bg5 {[%clk 0:15:38]} Be7 {[%clk 0:15:11]} 13. Bxe7
{[%clk 0:15:10]} Qxe7 {[%clk 0:15:19]} 14. Nxf5 {[%clk 0:14:48]} gxf5
{[%clk 0:15:27]} 15. Qd4 {[%clk 0:14:57]} Rg8 {[%clk 0:15:24]} 16. h3
{[%clk 0:14:57]} b6 {[%clk 0:15:34]} 17. a4 {[%clk 0:15:01]} Rc8 {[%clk 0:15:03]}
18. a5 {[%clk 0:15:05]} b5 {[%clk 0:14:27]} 19. a6 {[%clk 0:15:10]} Ba8
{[%clk 0:14:20]} 20. b3 {[%clk 0:15:15]} Qc5 {[%clk 0:13:08]} 21. Rfc1
{[%clk 0:15:13]} Qxd4 {[%clk 0:13:16]} 22. cxd4 {[%clk 0:14:55]} Kd7
{[%clk 0:13:07]} 23. Ne1 {[%clk 0:15:02]} Ke7 {[%clk 0:10:56]} 24. Nd3
{[%clk 0:15:02]} Bc6 {[%clk 0:11:05]} 25. Rc5 {[%clk 0:15:01]} Bd7
{[%clk 0:11:12]} 26. Rac1 {[%clk 0:15:06]} Rxc5 {[%clk 0:11:16]} 27. Rxc5
{[%clk 0:15:11]} Rc8 {[%clk 0:10:22]} 28. Kh2 {[%clk 0:11:48]} h4
{[%clk 0:08:21]} 29. b4 {[%clk 0:11:10]} Bc6 {[%clk 0:06:40]} 30. g3
{[%clk 0:11:13]} hxg3+ {[%clk 0:06:38]} 31. fxg3 {[%clk 0:11:20]} Kd7
{[%clk 0:06:43]} 32. Rc1 {[%clk 0:10:51]} Kc7 {[%clk 0:06:03]} 33. Kg2
{[%clk 0:10:54]} Kb6 {[%clk 0:05:56]} 34. Nc5 {[%clk 0:10:48]} Rd8
{[%clk 0:05:28]} 35. Kf3 {[%clk 0:10:41]} Bd7 {[%clk 0:05:37]} 36. h4
{[%clk 0:09:32]} Bc8 {[%clk 0:05:45]} 37. h5 {[%clk 0:09:41]} Bxa6
{[%clk 0:05:30]} 38. h6 {[%clk 0:09:40]} Bc8 {[%clk 0:05:09]} 39. Nb3
{[%clk 0:09:40]} Rh8 {[%clk 0:04:10]} 40. Kf4 {[%clk 0:09:36]} Bd7
{[%clk 0:01:16]} 41. Rh1 {[%clk 0:09:42]} Kc7 {[%clk 0:00:48]} 42. h7
{[%clk 0:09:30]} Kd8 {[%clk 0:00:45]} 43. Kg5 {[%clk 0:09:38]} Ke7
{[%clk 0:00:54]} 44. Kh6 {[%clk 0:09:47]} 1-0

[Event "Rapid 2018"]
[Site "Saint-Petersburg"]
[Date "2018.12.28"]
[Round "12"]
[Board "14"]
[White "Sargissian Gabriel (ARM)"]
[Black "Jakovenko Dmitry (RUS)"]
[Result "1-0"]
[LiveChessVersion "1.4.8"]
[BlackElo "2731"]
[WhiteElo "2674"]

1. d4 {[%clk 0:15:19]} Nf6 {[%clk 0:13:14]} 2. c4 {[%clk 0:15:26]} e6
{[%clk 0:13:23]} 3. Nf3 {[%clk 0:15:29]} d5 {[%clk 0:13:30]} 4. g3
{[%clk 0:15:01]} Bb4+ {[%clk 0:13:36]} 5. Bd2 {[%clk 0:15:06]} Be7
{[%clk 0:13:44]} 6. Bg2 {[%clk 0:15:09]} O-O {[%clk 0:13:51]} 7. O-O
{[%clk 0:15:16]} c6 {[%clk 0:13:58]} 8. Qb3 {[%clk 0:14:31]} Nbd7
{[%clk 0:13:51]} 9. Bf4 {[%clk 0:14:09]} Nh5 {[%clk 0:13:58]} 10. Be3
{[%clk 0:13:53]} Nhf6 {[%clk 0:14:07]} 11. Rc1 {[%clk 0:13:18]} a5
{[%clk 0:14:14]} 12. a4 {[%clk 0:12:46]} Bd6 {[%clk 0:12:46]} 13. Nc3
{[%clk 0:12:04]} h6 {[%clk 0:12:52]} 14. Rd1 {[%clk 0:11:22]} Qe7
{[%clk 0:12:36]} 15. Rac1 {[%clk 0:11:19]} Bc7 {[%clk 0:11:14]} 16. Qa2
{[%clk 0:10:52]} Re8 {[%clk 0:11:01]} 17. h3 {[%clk 0:09:51]} Nb8
{[%clk 0:10:56]} 18. Ne1 {[%clk 0:09:48]} Na6 {[%clk 0:10:55]} 19. Nd3
{[%clk 0:09:17]} Nb4 {[%clk 0:10:46]} 20. Qb3 {[%clk 0:09:15]} Nxd3
{[%clk 0:10:01]} 21. Rxd3 {[%clk 0:08:49]} Qb4 {[%clk 0:09:52]} 22. Na2
{[%clk 0:08:02]} Qxb3 {[%clk 0:09:32]} 23. Rxb3 {[%clk 0:08:11]} dxc4
{[%clk 0:07:39]} 24. Rxc4 {[%clk 0:08:11]} Nd5 {[%clk 0:07:47]} 25. Rc1
{[%clk 0:06:55]} Rd8 {[%clk 0:06:56]} 26. Bxd5 {[%clk 0:06:31]} exd5
{[%clk 0:06:53]} 27. Bf4 {[%clk 0:06:39]} Bxf4 {[%clk 0:06:25]} 28. gxf4
{[%clk 0:06:48]} Re8 {[%clk 0:06:15]} 29. Nc3 {[%clk 0:05:14]} g5
{[%clk 0:04:34]} 30. fxg5 {[%clk 0:05:21]} hxg5 {[%clk 0:04:43]} 31. Kg2
{[%clk 0:04:45]} Kg7 {[%clk 0:04:11]} 32. f3 {[%clk 0:04:41]} Re3
{[%clk 0:02:46]} 33. Rh1 {[%clk 0:03:45]} Rb8 {[%clk 0:02:43]} 34. h4
{[%clk 0:02:51]} gxh4 {[%clk 0:02:19]} 35. Rxh4 {[%clk 0:02:49]} Bf5
{[%clk 0:02:26]} 36. Kf2 {[%clk 0:02:55]} Re7 {[%clk 0:01:52]} 37. Rb6
{[%clk 0:02:55]} Rh8 {[%clk 0:01:32]} 38. Rxh8 {[%clk 0:02:52]} Kxh8
{[%clk 0:01:41]} 39. b4 {[%clk 0:02:26]} axb4 {[%clk 0:01:47]} 40. Rxb4
{[%clk 0:02:35]} Rc7 {[%clk 0:01:32]} 41. Rb6 {[%clk 0:02:26]} Kg7
{[%clk 0:01:08]} 42. a5 {[%clk 0:02:32]} Kf8 {[%clk 0:01:12]} 43. Na4
{[%clk 0:02:37]} Ke7 {[%clk 0:01:19]} 44. Nc5 {[%clk 0:02:44]} Bc8
{[%clk 0:01:27]} 45. Rb1 {[%clk 0:02:48]} Kd6 {[%clk 0:01:33]} 46. Rh1
{[%clk 0:02:21]} Re7 {[%clk 0:01:39]} 47. Rh8 {[%clk 0:02:13]} Kc7
{[%clk 0:01:46]} 48. Rf8 {[%clk 0:01:41]} Bf5 {[%clk 0:01:53]} 49. e3
{[%clk 0:01:24]} Bg6 {[%clk 0:01:44]} 50. Rg8 {[%clk 0:01:12]} Bf5
{[%clk 0:01:49]} 51. Rh8 {[%clk 0:01:21]} Bg6 {[%clk 0:01:54]} 52. Rf8
{[%clk 0:01:29]} Bh5 {[%clk 0:01:10]} 53. e4 {[%clk 0:01:27]} dxe4
{[%clk 0:01:18]} 54. fxe4 {[%clk 0:01:36]} Bd1 {[%clk 0:00:25]} 55. e5
{[%clk 0:01:36]} Bg4 {[%clk 0:00:20]} 56. Kg3 {[%clk 0:01:27]} Be6
{[%clk 0:00:30]} 57. Kf4 {[%clk 0:01:34]} Bc4 {[%clk 0:00:26]} 58. Kg5 b6 59. a6
{[%clk 0:01:14]} Bxa6 {[%clk 0:00:45]} 60. Nxa6+ Kb7 61. Kf6 {[%clk 0:01:18]} 1-0

[Event "Rapid 2018"]
[Site "Saint-Petersburg"]
[Date "2018.12.28"]
[Round "12"]
[Board "15"]
[White "Alekseev Evgeny (RUS)"]
[Black "Oparin Grigoriy (RUS)"]
[Result "0-1"]
[LiveChessVersion "1.4.8"]
[BlackElo "2701"]
[WhiteElo "2650"]

1. Nf3 {[%clk 0:15:18]} Nf6 {[%clk 0:15:18]} 2. c4 {[%clk 0:15:25]} b6
{[%clk 0:15:06]} 3. Nc3 {[%clk 0:13:38]} Bb7 {[%clk 0:15:14]} 4. d3
{[%clk 0:13:22]} c5 {[%clk 0:14:23]} 5. e4 {[%clk 0:13:15]} Nc6 {[%clk 0:14:31]}
6. g3 {[%clk 0:12:38]} g6 {[%clk 0:14:31]} 7. Bg2 {[%clk 0:12:38]} Bg7
{[%clk 0:14:39]} 8. O-O {[%clk 0:12:45]} O-O {[%clk 0:14:46]} 9. h3
{[%clk 0:12:37]} d6 {[%clk 0:14:25]} 10. Be3 {[%clk 0:12:27]} Ne8
{[%clk 0:14:07]} 11. d4 {[%clk 0:11:40]} cxd4 {[%clk 0:14:07]} 12. Nxd4
{[%clk 0:11:48]} Rc8 {[%clk 0:14:11]} 13. b3 {[%clk 0:10:30]} Qd7
{[%clk 0:12:52]} 14. Nde2 {[%clk 0:09:33]} Nf6 {[%clk 0:12:03]} 15. Rc1
{[%clk 0:09:21]} Rfd8 {[%clk 0:12:03]} 16. Qd2 {[%clk 0:09:11]} e6
{[%clk 0:11:43]} 17. Rfd1 {[%clk 0:09:03]} Qe7 {[%clk 0:11:50]} 18. Kh1
{[%clk 0:07:25]} Qf8 {[%clk 0:10:51]} 19. Kg1 {[%clk 0:06:16]} h6
{[%clk 0:10:51]} 20. Qe1 {[%clk 0:05:53]} Qe7 {[%clk 0:10:50]} 21. Rd2
{[%clk 0:05:37]} Rd7 {[%clk 0:09:49]} 22. Rcd1 {[%clk 0:05:39]} Rcd8
{[%clk 0:09:57]} 23. f4 {[%clk 0:05:13]} h5 {[%clk 0:09:26]} 24. Qf2
{[%clk 0:05:12]} Nb4 {[%clk 0:08:24]} 25. Qe1 {[%clk 0:02:35]} Na6
{[%clk 0:08:21]} 26. Nc1 {[%clk 0:00:37]} h4 {[%clk 0:04:59]} 27. gxh4
{[%clk 0:00:23]} Nc5 {[%clk 0:05:06]} 28. Bf2 {[%clk 0:00:23]} Nh5
{[%clk 0:05:12]} 29. N1e2 {[%clk 0:00:27]} Nxf4 {[%clk 0:05:14]} 30. Nxf4
{[%clk 0:00:24]} Bxc3 {[%clk 0:05:22]} 31. Qe3 {[%clk 0:00:29]} Bxd2 32. Rxd2
{[%clk 0:00:39]} e5 {[%clk 0:05:18]} 33. Ne2 {[%clk 0:00:43]} f5 {[%clk 0:05:09]}
34. Nc3 {[%clk 0:00:51]} Qf7 {[%clk 0:04:43]} 35. Qe1 {[%clk 0:00:40]} Nxe4
{[%clk 0:04:33]} 36. Nxe4 {[%clk 0:00:48]} Bxe4 {[%clk 0:04:42]} 37. Bxe4
{[%clk 0:00:55]} fxe4 {[%clk 0:04:50]} 38. Qxe4 {[%clk 0:01:03]} Qf5
{[%clk 0:04:59]} 0-1

[Event "Rapid 2018"]
[Site "Saint-Petersburg"]
[Date "2018.12.28"]
[Round "12"]
[Board "16"]
[White "Paravyan David (RUS)"]
[Black "Cheparinov Ivan (GEO)"]
[Result "1/2-1/2"]
[LiveChessVersion "1.4.8"]
[BlackElo "2697"]
[WhiteElo "2611"]

1. d4 {[%clk 0:15:19]} Nf6 {[%clk 0:15:17]} 2. Nf3 {[%clk 0:15:28]} d5
{[%clk 0:15:23]} 3. a3 {[%clk 0:15:36]} e6 {[%clk 0:14:46]} 4. Bf4
{[%clk 0:15:45]} Bd6 {[%clk 0:14:28]} 5. e3 {[%clk 0:15:48]} b6 {[%clk 0:14:03]}
6. Bb5+ {[%clk 0:15:45]} c6 {[%clk 0:13:59]} 7. Bd3 {[%clk 0:15:49]} Bxf4
{[%clk 0:13:45]} 8. exf4 {[%clk 0:15:58]} Ba6 {[%clk 0:13:54]} 9. Bxa6
{[%clk 0:15:54]} Nxa6 {[%clk 0:14:02]} 10. Qe2 {[%clk 0:15:55]} Nc7
{[%clk 0:14:02]} 11. O-O {[%clk 0:13:46]} O-O {[%clk 0:14:09]} 12. Nbd2
{[%clk 0:13:45]} c5 {[%clk 0:13:34]} 13. Rfd1 {[%clk 0:13:24]} Nce8
{[%clk 0:12:57]} 14. dxc5 {[%clk 0:13:18]} bxc5 {[%clk 0:13:07]} 15. Ne5
{[%clk 0:08:44]} Nd6 {[%clk 0:12:49]} 16. b4 {[%clk 0:08:51]} cxb4
{[%clk 0:11:38]} 17. axb4 {[%clk 0:08:59]} Qb6 {[%clk 0:11:45]} 18. Ra6
{[%clk 0:07:59]} Qxb4 {[%clk 0:08:58]} 19. Rb1 {[%clk 0:08:06]} Qxf4
{[%clk 0:08:45]} 20. Nd3 {[%clk 0:05:12]} Qd4 {[%clk 0:07:13]} 21. Rxd6
{[%clk 0:05:20]} Rfc8 {[%clk 0:07:23]} 22. Nf3 {[%clk 0:04:32]} Qa4
{[%clk 0:07:10]} 23. Rb4 {[%clk 0:02:59]} Qa3 {[%clk 0:06:02]} 24. g3
{[%clk 0:02:40]} Rc4 {[%clk 0:04:17]} 25. c3 {[%clk 0:01:57]} a5 {[%clk 0:01:57]}
26. Rbb6 {[%clk 0:02:06]} Ne4 {[%clk 0:01:59]} 27. Rd7 {[%clk 0:01:41]} Nxc3
{[%clk 0:01:38]} 28. Qb2 {[%clk 0:01:47]} Qxb2 {[%clk 0:01:34]} 29. Nxb2
{[%clk 0:01:49]} Rcc8 {[%clk 0:00:47]} 30. Rbb7 {[%clk 0:01:52]} Rcb8
{[%clk 0:00:51]} 31. Rxf7 {[%clk 0:01:38]} Rxb7 {[%clk 0:00:58]} 32. Rxb7
{[%clk 0:01:47]} a4 {[%clk 0:01:05]} 33. Nd3 {[%clk 0:01:10]} a3 {[%clk 0:01:12]}
34. Nb4 {[%clk 0:01:19]} a2 {[%clk 0:01:13]} 35. Nxa2 {[%clk 0:01:20]} Nxa2
{[%clk 0:01:16]} 36. Nd4 {[%clk 0:01:18]} Re8 {[%clk 0:01:19]} 37. f4
{[%clk 0:00:15]} Nc3 {[%clk 0:01:22]} 38. f5 {[%clk 0:00:15]} exf5
{[%clk 0:01:09]} 39. Nxf5 {[%clk 0:00:22]} g6 {[%clk 0:01:05]} 40. Nh6+
{[%clk 0:00:28]} Kh8 {[%clk 0:01:13]} 41. Nf7+ {[%clk 0:00:35]} Kg8
{[%clk 0:01:21]} 1/2-1/2

[Event "Rapid 2018"]
[Site "Saint-Petersburg"]
[Date "2018.12.28"]
[Round "12"]
[Board "17"]
[White "Antipov Mikhail Al. (RUS)"]
[Black "Amonatov Farrukh (TJK)"]
[Result "1/2-1/2"]
[LiveChessVersion "1.4.8"]
[BlackElo "2688"]
[WhiteElo "2628"]

1. e4 {[%clk 0:15:19]} c5 {[%clk 0:15:19]} 2. Nf3 {[%clk 0:15:27]} d6
{[%clk 0:15:28]} 3. Bb5+ {[%clk 0:15:36]} Nd7 {[%clk 0:15:22]} 4. Ba4
{[%clk 0:15:44]} Ngf6 {[%clk 0:15:31]} 5. O-O {[%clk 0:15:52]} g6
{[%clk 0:15:40]} 6. Re1 {[%clk 0:15:32]} a6 {[%clk 0:15:49]} 7. c3
{[%clk 0:14:50]} c4 {[%clk 0:15:32]} 8. Bc2 {[%clk 0:14:45]} b5 {[%clk 0:15:37]}
9. b3 {[%clk 0:14:36]} cxb3 {[%clk 0:15:46]} 10. axb3 {[%clk 0:14:26]} Bg7
{[%clk 0:15:55]} 11. d4 {[%clk 0:14:29]} O-O {[%clk 0:15:34]} 12. e5
{[%clk 0:13:42]} dxe5 {[%clk 0:15:42]} 13. dxe5 {[%clk 0:13:31]} Ng4
{[%clk 0:15:51]} 14. Qd4 {[%clk 0:09:55]} Ndxe5 {[%clk 0:11:39]} 15. Nxe5
{[%clk 0:09:58]} Nxe5 {[%clk 0:11:47]} 16. Rxe5 {[%clk 0:10:05]} Bf5
{[%clk 0:11:26]} 17. Qxd8 {[%clk 0:09:09]} Rfxd8 {[%clk 0:11:26]} 18. Rxf5
{[%clk 0:09:18]} gxf5 {[%clk 0:11:35]} 19. b4 {[%clk 0:07:18]} Rac8
{[%clk 0:09:49]} 20. Be3 {[%clk 0:05:33]} e6 {[%clk 0:06:36]} 21. Bc5
{[%clk 0:05:13]} Rc6 {[%clk 0:06:23]} 22. h3 {[%clk 0:04:39]} Bf8
{[%clk 0:06:32]} 23. Bxf8 {[%clk 0:04:43]} Kxf8 {[%clk 0:06:41]} 24. g4
{[%clk 0:04:50]} fxg4 {[%clk 0:05:22]} 25. hxg4 {[%clk 0:04:59]} Ke7
{[%clk 0:04:17]} 26. f3 {[%clk 0:05:08]} f5 {[%clk 0:03:01]} 27. Kf2
{[%clk 0:04:11]} Kf6 {[%clk 0:03:00]} 28. Ra3 {[%clk 0:02:55]} Kg5
{[%clk 0:02:56]} 29. Ke3 {[%clk 0:02:18]} Rcd6 {[%clk 0:02:52]} 30. Ra2
{[%clk 0:01:23]} h6 {[%clk 0:02:56]} 31. Ra1 {[%clk 0:00:48]} Rc6
{[%clk 0:02:34]} 32. Bd3 {[%clk 0:00:38]} Rd5 {[%clk 0:02:06]} 33. Be2
{[%clk 0:00:14]} Re5+ {[%clk 0:01:48]} 34. Kf2 {[%clk 0:00:32]} Rd5
{[%clk 0:00:57]} 35. gxf5 {[%clk 0:00:16]} Kxf5 {[%clk 0:00:39]} 36. Ra2
{[%clk 0:00:17]} h5 {[%clk 0:00:46]} 37. Rc2 {[%clk 0:00:25]} Rcd6
{[%clk 0:00:49]} 38. Rc1 {[%clk 0:00:31]} Kf6 {[%clk 0:00:47]} 39. Rh1
{[%clk 0:00:36]} Rc6 {[%clk 0:00:52]} 40. Rh4 {[%clk 0:00:25]} Kg5
{[%clk 0:00:53]} 41. Kg3 {[%clk 0:00:29]} Kh6 {[%clk 0:00:51]} 42. f4
{[%clk 0:00:30]} Rc8 {[%clk 0:01:00]} 43. Kf2 {[%clk 0:00:34]} Rf5
{[%clk 0:00:57]} 44. Bd3 {[%clk 0:00:22]} Rf6 {[%clk 0:00:58]} 45. Kf3
{[%clk 0:00:24]} Rd8 {[%clk 0:00:54]} 46. Bc2 {[%clk 0:00:28]} Rf7
{[%clk 0:00:45]} 47. Rh2 {[%clk 0:00:33]} Rdf8 {[%clk 0:00:47]} 48. Rh4
{[%clk 0:00:39]} Rc8 {[%clk 0:00:50]} 49. Be4 {[%clk 0:00:40]} Rc4
{[%clk 0:00:55]} 50. Ke3 {[%clk 0:00:44]} e5 {[%clk 0:00:22]} 51. fxe5 Re7 52.
Nd2 {[%clk 0:00:20]} Rxc3+ {[%clk 0:00:40]} 53. Kd4 {[%clk 0:00:28]} Rg3
{[%clk 0:00:26]} 54. Nf3 {[%clk 0:00:27]} Rg4 {[%clk 0:00:16]} 55. Rh1
{[%clk 0:00:32]} Rf7 {[%clk 0:00:23]} 56. Ke3 {[%clk 0:00:14]} Rc7
{[%clk 0:00:29]} 57. Nd4 {[%clk 0:00:12]} Rc3+ {[%clk 0:00:29]} 58. Bd3
{[%clk 0:00:21]} Rg3+ {[%clk 0:00:28]} 59. Ke4 {[%clk 0:00:27]} Rg4+
{[%clk 0:00:20]} 60. Ke3 {[%clk 0:00:36]} Rg3+ {[%clk 0:00:27]} 61. Ke4
{[%clk 0:00:45]} Rcxd3 {[%clk 0:00:15]} 62. Nf5+ {[%clk 0:00:49]} Kg5
{[%clk 0:00:24]} 63. e6 {[%clk 0:00:22]} Rg4+ {[%clk 0:00:17]} 64. Kxd3
{[%clk 0:00:22]} Kxf5 {[%clk 0:00:26]} 65. e7 {[%clk 0:00:21]} Rg8
{[%clk 0:00:35]} 66. Rxh5+ {[%clk 0:00:13]} Ke6 {[%clk 0:00:43]} 67. Rh6+
{[%clk 0:00:16]} 1/2-1/2

[Event "Rapid 2018"]
[Site "Saint-Petersburg"]
[Date "2018.12.28"]
[Round "12"]
[Board "19"]
[White "Salem A.R. Saleh (UAE)"]
[Black "Goganov Aleksey (RUS)"]
[Result "1-0"]
[LiveChessVersion "1.4.8"]
[BlackElo "2545"]
[WhiteElo "2682"]

1. e4 {[%clk 0:15:19]} e6 {[%clk 0:15:19]} 2. d4 {[%clk 0:15:27]} d5
{[%clk 0:15:28]} 3. Nd2 {[%clk 0:15:36]} c5 {[%clk 0:15:35]} 4. exd5
{[%clk 0:15:43]} Qxd5 {[%clk 0:15:43]} 5. Ngf3 {[%clk 0:15:48]} cxd4
{[%clk 0:15:52]} 6. Bc4 {[%clk 0:15:57]} Qd8 {[%clk 0:15:57]} 7. O-O
{[%clk 0:16:04]} Nc6 {[%clk 0:16:06]} 8. Nb3 {[%clk 0:16:13]} a6 {[%clk 0:16:08]}
9. Nbxd4 {[%clk 0:16:21]} Nxd4 {[%clk 0:16:11]} 10. Qxd4 {[%clk 0:16:29]} Qxd4
{[%clk 0:16:09]} 11. Nxd4 {[%clk 0:16:37]} Nf6 {[%clk 0:15:05]} 12. Be2
{[%clk 0:16:43]} e5 {[%clk 0:13:50]} 13. Nb3 {[%clk 0:16:51]} Be6
{[%clk 0:12:22]} 14. Rd1 {[%clk 0:15:41]} Rc8 {[%clk 0:09:48]} 15. c3
{[%clk 0:15:07]} Be7 {[%clk 0:09:21]} 16. Bf3 {[%clk 0:14:34]} e4
{[%clk 0:08:30]} 17. Be2 {[%clk 0:14:42]} O-O {[%clk 0:08:22]} 18. Nd4
{[%clk 0:14:29]} Bg4 {[%clk 0:06:28]} 19. Bxg4 {[%clk 0:14:08]} Nxg4
{[%clk 0:06:37]} 20. Bf4 {[%clk 0:14:16]} Rfd8 {[%clk 0:05:17]} 21. h3
{[%clk 0:13:50]} Nf6 {[%clk 0:05:26]} 22. Nf5 {[%clk 0:12:35]} Bf8
{[%clk 0:05:34]} 23. Bg5 {[%clk 0:12:26]} Rxd1+ {[%clk 0:03:04]} 24. Rxd1
{[%clk 0:12:33]} Ne8 {[%clk 0:03:13]} 25. Rd7 {[%clk 0:10:19]} f6
{[%clk 0:02:17]} 26. Bf4 {[%clk 0:09:51]} b5 {[%clk 0:02:11]} 27. Ra7
{[%clk 0:07:36]} g6 {[%clk 0:01:41]} 28. Ne7+ {[%clk 0:06:21]} Bxe7
{[%clk 0:01:50]} 29. Rxe7 {[%clk 0:06:30]} f5 {[%clk 0:01:59]} 30. Bh6
{[%clk 0:05:39]} Nf6 {[%clk 0:01:31]} 31. Rg7+ {[%clk 0:05:31]} Kh8
{[%clk 0:01:40]} 32. Ra7 {[%clk 0:05:39]} Rc6 {[%clk 0:01:39]} 33. Rf7
{[%clk 0:05:19]} Rd6 {[%clk 0:01:24]} 34. Kh2 {[%clk 0:04:28]} Nd7
{[%clk 0:01:25]} 35. g4 {[%clk 0:03:37]} fxg4 {[%clk 0:01:29]} 36. hxg4
{[%clk 0:03:46]} Kg8 {[%clk 0:01:36]} 37. Rg7+ {[%clk 0:03:55]} Kh8
{[%clk 0:01:45]} 38. Re7 {[%clk 0:03:56]} Kg8 {[%clk 0:01:48]} 39. Kg2
{[%clk 0:03:38]} Rd3 {[%clk 0:01:24]} 40. b3 {[%clk 0:03:19]} Nf6
{[%clk 0:01:19]} 41. Rg7+ {[%clk 0:03:25]} Kf8 {[%clk 0:01:24]} 42. Rxg6+
{[%clk 0:02:57]} Kf7 {[%clk 0:01:33]} 43. Rg7+ {[%clk 0:03:06]} Ke6
{[%clk 0:01:42]} 44. c4 {[%clk 0:01:10]} bxc4 {[%clk 0:01:51]} 45. bxc4
{[%clk 0:01:20]} Rc3 {[%clk 0:01:51]} 46. g5 {[%clk 0:00:14]} Nh5
{[%clk 0:02:00]} 47. Rxh7 {[%clk 0:00:22]} Nf4+ {[%clk 0:02:07]} 48. Kh2
{[%clk 0:00:30]} Kf5 {[%clk 0:01:53]} 49. Rf7+ {[%clk 0:00:25]} Kg4
{[%clk 0:02:02]} 50. Rxf4+ {[%clk 0:00:30]} Kxf4 {[%clk 0:02:11]} 51. g6+
{[%clk 0:00:39]} 1-0

[Event "Rapid 2018"]
[Site "Saint-Petersburg"]
[Date "2018.12.28"]
[Round "12"]
[Board "21"]
[White "Amin Bassem (EGY)"]
[Black "Fedoseev Vladimir (RUS)"]
[Result "1-0"]
[LiveChessVersion "1.4.8"]
[BlackElo "2810"]
[WhiteElo "2630"]

1. e4 {[%clk 0:15:16]} e5 {[%clk 0:15:06]} 2. Nf3 {[%clk 0:15:24]} Nc6
{[%clk 0:15:14]} 3. Bc4 {[%clk 0:15:23]} Bc5 {[%clk 0:15:06]} 4. O-O
{[%clk 0:15:30]} Nf6 {[%clk 0:15:13]} 5. d3 {[%clk 0:15:38]} a6 {[%clk 0:15:12]}
6. c3 {[%clk 0:15:43]} d6 {[%clk 0:15:16]} 7. Re1 {[%clk 0:15:39]} Ba7
{[%clk 0:15:14]} 8. Bb3 {[%clk 0:15:40]} h6 {[%clk 0:15:16]} 9. Nbd2
{[%clk 0:15:35]} O-O {[%clk 0:15:20]} 10. Nf1 {[%clk 0:15:16]} Re8
{[%clk 0:14:17]} 11. Ng3 {[%clk 0:15:16]} Be6 {[%clk 0:14:13]} 12. h3
{[%clk 0:15:04]} d5 {[%clk 0:13:44]} 13. exd5 {[%clk 0:15:11]} Bxd5
{[%clk 0:13:25]} 14. Bc2 {[%clk 0:15:18]} Bc5 {[%clk 0:11:57]} 15. b4
{[%clk 0:13:08]} Bf8 {[%clk 0:11:25]} 16. a4 {[%clk 0:13:12]} b5 {[%clk 0:09:42]}
17. Bd2 {[%clk 0:12:39]} Qd7 {[%clk 0:09:13]} 18. axb5 {[%clk 0:12:34]} axb5
{[%clk 0:09:02]} 19. Rxa8 {[%clk 0:12:32]} Rxa8 {[%clk 0:09:11]} 20. Nxe5
{[%clk 0:12:32]} Nxe5 {[%clk 0:09:19]} 21. Rxe5 {[%clk 0:12:40]} Bd6
{[%clk 0:09:18]} 22. Re1 {[%clk 0:12:32]} Bxg3 {[%clk 0:08:45]} 23. fxg3
{[%clk 0:12:40]} Ra2 {[%clk 0:05:27]} 24. Bb1 {[%clk 0:12:09]} Ra6
{[%clk 0:05:09]} 25. Be3 {[%clk 0:11:30]} Be6 {[%clk 0:04:16]} 26. Bd4
{[%clk 0:10:42]} Nd5 {[%clk 0:04:20]} 27. Qe2 {[%clk 0:09:33]} f6
{[%clk 0:02:17]} 28. Qb2 {[%clk 0:09:19]} Bf7 {[%clk 0:02:10]} 29. Kh2
{[%clk 0:06:10]} Kh7 {[%clk 0:01:59]} 30. c4 {[%clk 0:05:54]} Nxb4
{[%clk 0:01:41]} 31. Bc5 {[%clk 0:05:53]} Nd5 {[%clk 0:00:16]} 32. cxd5
{[%clk 0:05:49]} Qxd5 {[%clk 0:00:20]} 33. d4+ {[%clk 0:05:47]} Bg6
{[%clk 0:00:25]} 34. Qxb5 {[%clk 0:05:33]} Re6 {[%clk 0:00:21]} 35. Bxg6+
{[%clk 0:04:59]} Kxg6 {[%clk 0:00:31]} 36. Rxe6 {[%clk 0:04:56]} Qxe6
{[%clk 0:00:40]} 37. Qb7 {[%clk 0:04:43]} c6 {[%clk 0:00:30]} 38. Bf8
{[%clk 0:04:49]} Qg8 {[%clk 0:00:38]} 39. Qe7 {[%clk 0:04:47]} Kh7
{[%clk 0:00:45]} 40. g4 {[%clk 0:02:44]} Kg6 {[%clk 0:00:52]} 41. h4
{[%clk 0:02:46]} Kh7 {[%clk 0:00:55]} 42. h5 {[%clk 0:02:42]} Kh8
{[%clk 0:00:51]} 43. Kg3 {[%clk 0:02:21]} Qb3+ {[%clk 0:00:44]} 44. Kf4
{[%clk 0:02:18]} Qb8+ {[%clk 0:00:52]} 45. Qd6 {[%clk 0:01:43]} Qb2
{[%clk 0:00:20]} 46. Bxg7+ {[%clk 0:01:29]} Kxg7 {[%clk 0:00:27]} 47. Qe7+
{[%clk 0:01:38]} Kg8 {[%clk 0:00:29]} 48. Qe8+ {[%clk 0:01:46]} Kg7
{[%clk 0:00:38]} 49. Qg6+ {[%clk 0:01:55]} Kf8 {[%clk 0:00:42]} 50. Qxf6+
{[%clk 0:02:03]} Ke8 {[%clk 0:00:51]} 51. Qxc6+ {[%clk 0:02:11]} Ke7
{[%clk 0:00:58]} 52. Qe4+ {[%clk 0:02:08]} Kd7 {[%clk 0:00:58]} 53. Kf5
{[%clk 0:02:10]} Qc1 {[%clk 0:00:25]} 54. Qe6+ {[%clk 0:02:09]} Kd8
{[%clk 0:00:32]} 55. Qf6+ {[%clk 0:02:04]} Ke8 {[%clk 0:00:29]} 56. Kg6
{[%clk 0:02:08]} Qd2 {[%clk 0:00:21]} 57. Kg7 {[%clk 0:01:13]} Qc1
{[%clk 0:00:22]} 58. d5 {[%clk 0:00:54]} Qc4 {[%clk 0:00:22]} 59. Qc6+
{[%clk 0:00:55]} 1-0